000 00708nam a2200217 a 4500
001 21512
003 CO-ViMGA
008 141112s2004 ck r 000 u spa d
020 _a8466307095
040 _aCO-ViMGA
_bspa
_cCO-ViMGA
082 0 4 _aCo863.6 A113b
100 1 _aAbad Faciolince, Hector
_97830
245 1 0 _aBasura
260 _aMadrid :
_bSuma de letras,
_c2002
300 _a230
490 _aPunto de lectura; 134/2
500 _aI Premio casa de América de Narrativa Innovadora.
590 _aForma de adquisición : Donación fact. 8848 - - Precio : 21900 - - Proveedor : Fundación exito - - Fecha de adquisición : Junio 2007
650 1 4 _aNOVELA COLOMBIANA
_91193
942 _2ddc
_cBK
999 _c30104
_d30104